000 00451ntaaa2200181 4500
003 01
005 20251027202645.0
008 0714s1973 ag 01
040 _aAR-BaBN
_bspa
_cAR-BaBN
_eaacr
_dRIC
082 _a374.0220 AL2s
245 _aEl señor Jesús vivo
250 _a1 ed.
260 _aAlajuela, Costa Rica :
_bAlfalit,
_cs.f.
300 _a31 p
500 _aMaterial para alfabetización
650 _aalfabetizacion
_92115
942 _cBK
999 _c21739
_d21739